| 000 | 00358nam a22001337a 4500 | ||
|---|---|---|---|
| 082 |
_a940.548 _bMAC _cL-30-II, P-151 |
||
| 100 |
_aDouglas MacArthur _946252 |
||
| 245 | _aReminiscences | ||
| 260 |
_aNew Delhi _bNatraj Publishers, Dehra Dun _c1979 |
||
| 300 | _a438 P, : | ||
| 526 |
_a0 _b0 _c0 _d940_548000000000000_MAC |
||
| 650 |
_aMCE _9379 |
||
| 942 |
_2ddc _cBK |
||
| 999 |
_c549614 _d549614 |
||